Planta para producir alcohol hidratado
Gardado en:
| Autor Principal: | |
|---|---|
| Formato: | Desconocido |
| Publicado: |
[San José, Costa Rica]
1980
|
| Materias: | |
| Etiquetas: |
Engadir etiqueta
Sen Etiquetas, Sexa o primeiro en etiquetar este rexistro!
|
MARC
| LEADER | 00000 a2200000 4500 | ||
|---|---|---|---|
| 003 | 001172 | ||
| 005 | 20221231143739.0 | ||
| 008 | 140114s1980 cr a m 000 ||s d | ||
| 040 | |c cru CEDI | ||
| 090 | |a TFG 909 | ||
| 100 | |a Lezama Fernández, Eduardo |9 16092 | ||
| 245 | |a Planta para producir alcohol hidratado | ||
| 260 | |c 1980 |a [San José, Costa Rica] | ||
| 300 | |a 72 hojas : ilustraciones (algunas plegables,) ; 28 cm | ||
| 500 | |a Tesis (ingeniero civil)--Universidad de Costa Rica. | ||
| 650 | |x ALCOHOL HIDRATADO - PRODUCCION |9 16093 | ||
| 942 | |c TFG | ||
| 999 | |c 11186 |d 11186 | ||
